MATCHING WITH TRANSFERS THE ECONOMICS OF (Record no. 29716)
[ view plain ]
| 000 -LEADER | |
|---|---|
| fixed length control field | 00366nam a2200133Ia 4500 |
| 008 - FIXED-LENGTH DATA ELEMENTS--GENERAL INFORMATION | |
| fixed length control field | 240624s9999 xx 000 0 und d |
| 041 ## - LANGUAGE CODE | |
| Language code of text/sound track or separate title | eng |
| 082 ## - DEWEY DECIMAL CLASSIFICATION NUMBER | |
| Classification number | 306.85 CHI |
| 100 ## - MAIN ENTRY--PERSONAL NAME | |
| Personal name | CHIAPPORI PIERRE ANDRE |
| 245 ## - TITLE STATEMENT | |
| Title | MATCHING WITH TRANSFERS THE ECONOMICS OF |
| 260 ## - PUBLICATION, DISTRIBUTION, ETC. | |
| Date of publication, distribution, etc. | 2017 |
| Place of publication, distribution, etc. | Oxford |
| Name of publisher, distributor, etc. | Princeton University Press |
| 300 ## - PHYSICAL DESCRIPTION | |
| Extent | xvi, 241 p.; 23 cm. |
| 365 ## - TRADE PRICE | |
| Currency code | |
| Price amount | 30 |
| Withdrawn status | Lost status | Damaged status | Not for loan | Home library | Current library | Shelving location | Date acquired | Cost, normal purchase price | Full call number | Barcode | Date last seen | Copy number | Price effective from | Koha item type |
|---|---|---|---|---|---|---|---|---|---|---|---|---|---|---|
| IMTN | IMTN | Rack 5-B | 11/22/2017 | 59.95 | 306.85 CHI | 29716 | 06/24/2024 | 67.3 | 06/24/2024 | Books |